000
00274 a2200109 4500
001
38583
082
_a
536.7 RAG
090
_c
24456
_d
24456
100
_a
Ragone D V
245
_a
thermodynamics of materials vol.II
260
_a
Great Britain
_b
Butter worth & Helenman
_c
1995
942
_a
NUST-CAE
_k
536.7 RAG
999
_c
273656
_d
273656